Research in collegiate mathematics education. VI /

Guardado en:
Autores Corporativos: American Mathematical Society., Mathematical Association of America.
Otros Autores: Hitt, Fernando. (Editor ), Harel, Guershon, 1952- (Editor ), Selden, Annie. (Editor )
Formato: Libro
Idioma:English
Publicado: Providence : Washington, D.C. : American Mathematical Society ; in cooperation with Mathematical Association of America, c2006.
Series:Issues in mathematics education ; v. 13
Materias:
Etiquetas: Agregar Etiqueta
Sin Etiquetas, Sea el primero en etiquetar este registro!
LEADER 02183cam a22003135a 4500
001 MAT.inmabb006528
008 070301s2006####riua#####b####000#0#eng#d
005 20160509165115.0
245 0 0 |a Research in collegiate mathematics education.  |n VI /  |c Fernando Hitt, Guershon Harel, Annie Selden, editors ; Shandy Hauk, production editor. 
260 |a Providence :  |b American Mathematical Society ;  |a Washington, D.C. :  |b in cooperation with Mathematical Association of America,  |c c2006. 
300 |a xiii, 248 p. :  |b il. ;  |c 26 cm. 
440 0 |a Issues in mathematics education ;  |v v. 13 
500 |a Cabecera de portada: "Conference Board of the Mathematical Sciences." 
504 |a Incluye referencias bibliográficas. 
505 0 0 |t An image of calculus reform: students' experiences of Harvard calculus /  |r Jon R. Star and John P. Smith, III --  |t Effects of concept-based instruction on calculus students' acquisition of conceptual understanding and procedural skill /  |r Kelly K. Chappell --  |t Constructing a concept image of convergence of sequences in the van Hiele framework /  |r Maria Ángeles Navarro and Pedro Pérez Carreras --  |t Developing and assessing specific competencies in a first course on real analysis /  |r Niels Grønbæk and Carl Winsløw --  |t Introductory complex analysis at two British Columbia universities: the first week - complex numbers /  |r Peter Danenhower --  |t Using geometry to teach and learn linear algebra /  |r Ghislaine Gueudet-Chartier --  |t Investigating and teaching the processes used to construct proofs /  |r Keith Weber --  |t The transition to independent graduate studies in mathematics /  |r Janet Duffin and Adrian Simpson. 
510 4 |a MR,  |c 2007k:00013 
020 |a 0821842439 (pbk.) 
020 |a 9780821842430 (pbk.) 
700 1 |a Hitt, Fernando.  |4 edt 
700 1 |a Harel, Guershon,  |d 1952-  |4 edt 
700 1 |a Selden, Annie.  |4 edt 
710 2 |a American Mathematical Society. 
710 2 |a Mathematical Association of America. 
650 0 |a Mathematics  |x Study and teaching (Higher) 
650 0 |a Mathematics  |x Research. 
084 |a 97-06  |2 msc2000 
010 |a  2007295881 
040 |a IFC  |c IFC  |d BAKER  |d WAU  |d DLC 
859 |h 97  |i R432-6  |p A-8743  |b BIB. MATEMATICA